2025-2026 season questions for Steelers fans - Statistics

General Stats
  • This quiz has been taken 42 times
  • The average score is 14 of 20
Answer Stats
Question Answer % Correct
what QB did we get from free agency Aaron rodgers
100%
in week one what QB swap matchup did we play Steelers vs jets
95%
who did we draft in the first round derrick Harmon
93%
in week 4 where did we play dublin
88%
who did the Steelers NOT draft Josh Simmons
88%
in week 11 what part of Aaron Rodgers got injured wrist
85%
in week 8 how many points did the Steelers let go to the Packers 10
80%
in week 13 what RB destroyed our team James cook
80%
in week 2 who was the RB who sold the game for us vs the Seahawks Kaleb Johnson
80%
In week 12 what QB started mason rudolph
80%
in week 9 what 1 loss team did we beat colts
78%
what WR trade did we do before the season George pickens traded to get DK Metcalf
73%
in week 14 who did the Steelers play ravens
73%
in week 6 how many touchdowns did Aaron Rodgers get 2
60%
in week 7 what rival game did we play Bengals
58%
in week 15 what day did the Steelers play on Monday
58%
in week 3 how many points did we defeat the Patriots by 7
53%
who played QB majority of preseason skylar Thompson
40%
in week 10 what stadium did the Steelers play in Sofi
35%
New questions week by week till the Steelers get eliminated. spot the different Steelers
8%
No matching quizzes found
Score Distribution
Percent of People with Each Score
Percentile by Number Answered
Your Score History
You have not taken this quiz